000 01204nam a2200277 a 4500
001 000037809
005 20240516172146.0
008 130306s2012 dr c 001 0 spa d
020 _a9789945462593
040 _aDO-SdBNP
_bspa
_cBNPHU
082 _a972.93054
_bB142s, 2012
100 1 _aBáez de Jiménez, Mayra,
_d1952-
_927816
245 1 0 _aSi la mar fuera de tinta :
_bvivencias de una niña tras la caída de la dictadura trujillista /
_cMayra Báez de Jiménez ; prólogo Guillermo Piña-Contreras.
250 _a5a. ed.
260 _aSanto Domingo :
_bComisión Permanente de Efemérides Patrias,
_c2012.
300 _a388 p. :
_bretrs. ;
_c24 cm.
490 1 _a50 aniversario del ajusticiamiento de Trujillo 1961-2011
_v12
500 _aIncluye índice onomástico
600 1 4 _aBÁEZ DE JIMÉNEZ, MAYRA
_d1952-
_927817
600 1 0 _aTrujillo Molina, Rafael Leónidas,
_d1891-1961
_xMuerte
_910869
650 0 _aHomicidio político
_931686
651 0 _aRepública Dominicana --
_xHistoria --
_y1961-
_96572
700 1 2 _aPiña Contreras, Guillermo,
_epról.
_95749
830 0 _a50 aniversario del ajusticiamiento de Trujillo 1961-2011
_v12
_961908
910 _aValidado. Control de calidad MFF
999 _c37299
_d37299